000 00420nam a2200169Ia 4500
003 GCL
008 140319s9999 xx 000 0 eng d
040 _aGCL /
_cGCL
082 0 4 _a658.87
_bL R
100 1 _aLEVY, MICHEAL
245 1 0 _aRETAILING MANAGEMENT /
_cLEVY, MICHEAL
700 1 _aWEITZ, BARTONA
260 _a[S.N] :
_bIRWIN ،
_c1959
650 0 4 _aMANAGEMENT
650 0 4 _aRETAIL - TRADE
942 _2ddc
_cBK
999 _c10306
_d10306